000 00322nam a22001457a 4500
020 _a978-9352606429
041 _aENG
100 _aNag .P.K
245 _aEngineering Thermodynamics
250 _aSecond Edition
260 _aNew DElhi
_bTata McGraw Hill PUB
_c2000
300 _a684
650 _aAPE
856 _uAPE
999 _c346
_d346